000 00504cam a2200193ua 4500
001 3598
005 20260515113714.0
008 111122n ii |||gr||||Z||||||asm
040 _cMAIN
082 _a920
100 1 _aPhukan, Surendra Nath,
_eAuthor.
245 1 1 _aLokapriya Gopinath Bordoloi
_cby Surendra Nath Phukan
250 _a1st.
260 _aSilchar:
_bEducation Stores,965.
300 _a20p:5cm.
653 _aBiography
653 _aBiography of Lokapriya Gopinath Bordoloi
942 _cBK
999 _c3437
_d3437